| 000 | 00484nam a22001937a 4500 | ||
|---|---|---|---|
| 003 | CEME | ||
| 005 | 20210628202934.0 | ||
| 008 | 210211b xxu||||| |||| 00| 0 eng d | ||
| 020 | _a81-203-1720-3 | ||
| 040 | _c. | ||
| 082 | _a004.67 STA | ||
| 100 |
_aStanek, William _962429 |
||
| 245 | _aIncrease your web traffic, in a weekend | ||
| 250 | _a3RD | ||
| 260 |
_aNEW DELHI _bPRENTICE HALL _c2000 |
||
| 300 | _aXXI,311P | ||
| 650 |
_aWEB TRAFFIC MANAGE _962430 |
||
| 942 |
_cBK _2ddc |
||
| 999 |
_c571539 _d571539 |
||